[Event "TUR-chT 2nd League"]
[Site "Denizli"]
[Date "2023.07.12"]
[Round "5.124"]
[White "Derbentli, Refik"]
[Black "Ergani, Efe"]
[Result "0-1"]
[WhiteElo "1435"]
[BlackElo "1707"]
[PlyCount "66"]
[EventDate "2023.07.09"]
[EventType "team-swiss"]
[EventRounds "9"]
[EventCountry "TUR"]
[SourceTitle "CBM 215 Extra"]
[Source "ChessBase"]
[SourceDate "2023.09.30"]
[SourceVersion "1"]
[SourceVersionDate "2023.09.30"]
[SourceQuality "1"]
[WhiteTeam "Karaman Tabduk Emre"]
[BlackTeam "Hayat"]
[WhiteTeamCountry "TUR"]
[BlackTeamCountry "TUR"]

1. e4 e5 2. Nf3 Nc6 3. Bb5 a6 4. Bxc6 dxc6 5. 0-0 Bg4 6. d3 Qf6 7. Be3 Ne7 8. Nbd2 Ng6 9. h3 Bxf3 10. Qxf3 Qe6 11. Qf5 Qxf5 12. exf5 Ne7 13. g4 h5 14. Kg2 f6 15. Ne4 b6 16. f4 exf4 17. Bxf4 0-0-0 18. Rae1 c5 19. Bg3 Nc6 20. g5 Be7 21. h4 Rd7 22. a3 Nd4 23. Rf2 Rf8 24. g6 b5 25. a4 Kb7 26. Nc3 Kc6 27. axb5+ axb5 28. Ra1 Kb6 29. Re1 Rfd8 30. Nd5+ Rxd5 31. Rxe7 R8d7 32. Rxd7 Rxd7 33. c3 Ne6 0-1

[Event "TUR-chT 2nd League"]
[Site "Denizli"]
[Date "2023.07.10"]
[Round "2.134"]
[White "Nukan, Baris Tuna"]
[Black "Derbentli, Refik"]
[Result "0-1"]
[WhiteElo "1715"]
[BlackElo "1435"]
[PlyCount "54"]
[EventDate "2023.07.09"]
[EventType "team-swiss"]
[EventRounds "9"]
[EventCountry "TUR"]
[SourceTitle "CBM 215 Extra"]
[Source "ChessBase"]
[SourceDate "2023.09.30"]
[SourceVersion "1"]
[SourceVersionDate "2023.09.30"]
[SourceQuality "1"]
[WhiteTeam "Cigli Batubey"]
[BlackTeam "Karaman Tabduk Emre"]
[WhiteTeamCountry "TUR"]
[BlackTeamCountry "TUR"]

1. e4 c5 2. c3 d5 3. exd5 Qxd5 4. d4 Nf6 5. Nf3 e6 6. a3 Nc6 7. Be3 cxd4 8. cxd4 Qa5+ 9. Nbd2 Nd5 10. Bd3 Be7 11. 0-0 a6 12. Nc4 Qd8 13. Nfe5 Nxe5 14. Nxe5 Nf6 15. Qa4+ Bd7 16. Qb3 b5 17. Rac1 0-0 18. Bb1 a5 19. Qd3 b4 20. Bg5 Rb8 21. Rfe1 g6 22. Qf3 bxa3 23. Bxf6 Bxf6 24. Nxd7 Qxd7 25. Qxf6 axb2 26. Rcd1 a4 27. Ba2 Rb5 0-1